[Event "Villarobledo Online Qualifyer"]
[Site "playchess.com #155672"]
[Date "2009.05.23"]
[Round "3"]
[White "Kendo"]
[Black "TheMaster15"]
[Result "1-0"]
[WhiteElo "2693"]
[BlackElo "2324"]
[PlyCount "135"]
[EventDate "2009.05.23"]
[EventType "swiss (blitz)"]

1. e4 {[%emt 0:00:02]} c5 {[%emt 0:00:01]} 2. Nf3 {[%emt 0:00:02]} Nf6 {[%emt
0:00:01]} 3. Nc3 {[%emt 0:00:03]} d6 {[%emt 0:00:01]} 4. d4 {[%emt 0:00:06]}
cxd4 {[%emt 0:00:00]} 5. Nxd4 {[%emt 0:00:01]} g6 {[%emt 0:00:01]} 6. Be2 {
[%emt 0:00:01]} Bg7 {[%emt 0:00:01]} 7. O-O {[%emt 0:00:01]} O-O {[%emt 0:00:
01]} 8. Re1 {[%emt 0:00:01]} Nc6 {[%emt 0:00:01]} 9. Nb3 {[%emt 0:00:01]} Be6 {
[%emt 0:00:03]} 10. Bf4 {[%emt 0:00:02]} Qc8 {[%emt 0:00:05]} 11. Qd2 {[%emt 0:
00:09]} Rd8 {[%emt 0:00:03]} 12. Bf3 {[%emt 0:00:08]} a6 {[%emt 0:00:04]} 13.
Nd5 {[%emt 0:00:07]} Rb8 {[%emt 0:00:40]} 14. Rad1 {[%emt 0:00:28]} b5 {[%emt
0:00:05]} 15. Bg5 {[%emt 0:00:08]} Qb7 {[%emt 0:00:14]} 16. Bxf6 {[%emt 0:00:
08]} exf6 {[%emt 0:00:01]} 17. c3 {[%emt 0:00:06]} Ne5 {[%emt 0:00:01]} 18. Be2
{[%emt 0:00:09]} f5 {[%emt 0:00:23]} 19. exf5 {[%emt 0:00:17]} Bxf5 {[%emt 0:
00:02]} 20. Na5 {[%emt 0:00:05]} Qd7 {[%emt 0:00:05]} 21. Ne3 {[%emt 0:00:15]}
Be6 {[%emt 0:00:04]} 22. Nb3 {[%emt 0:00:17]} Bh6 {[%emt 0:00:21]} 23. Qd4 {
[%emt 0:00:12]} Bg7 {[%emt 0:00:04]} 24. Qf4 {[%emt 0:00:05]} Nc4 {[%emt 0:00:
12]} 25. Nc5 {[%emt 0:00:23]} Qe7 {[%emt 0:00:29]} 26. Nxe6 {[%emt 0:00:02]}
Nxe3 {[%emt 0:00:19]} 27. Nxd8 {[%emt 0:00:14]} Nxd1 {[%emt 0:00:05]} 28. Nc6 {
[%emt 0:00:06]} Qe8 {[%emt 0:00:20]} 29. Nxb8 {[%emt 0:00:05]} Nxb2 {[%emt 0:
00:01]} 30. Kf1 {[%emt 0:00:12]} Bxc3 {[%emt 0:00:04]} 31. Rc1 {[%emt 0:00:02]}
Be5 {[%emt 0:00:02]} 32. Qd2 {[%emt 0:00:03]} Qxb8 {[%emt 0:00:01]} 33. f4 {
[%emt 0:00:02]} Bg7 {[%emt 0:00:05]} 34. Rc2 {[%emt 0:00:01]} Na4 {[%emt 0:00:
01]} 35. Qe3 {[%emt 0:00:02]} Nc5 {[%emt 0:00:02]} 36. Bf3 {[%emt 0:00:02]} Qd8
{[%emt 0:00:01]} 37. Re2 {[%emt 0:00:01]} Qf6 {[%emt 0:00:02]} 38. g3 {[%emt 0:
00:02]} h5 {[%emt 0:00:01]} 39. Qe8+ {[%emt 0:00:02]} Kh7 {[%emt 0:00:01]} 40.
Qe7 {[%emt 0:00:02]} Qa1+ {[%emt 0:00:03]} 41. Kg2 {[%emt 0:00:01]} Qf6 {[%emt
0:00:03]} 42. Qxf6 {[%emt 0:00:01]} Bxf6 {[%emt 0:00:00]} 43. Bd5 {[%emt 0:00:
02]} Kg7 {[%emt 0:00:01]} 44. Re8 {[%emt 0:00:00]} h4 {[%emt 0:00:04]} 45. Ra8
{[%emt 0:00:02]} hxg3 {[%emt 0:00:02]} 46. hxg3 {[%emt 0:00:00]} g5 {[%emt 0:
00:01]} 47. Ra7 {[%emt 0:00:04]} gxf4 {[%emt 0:00:02]} 48. gxf4 {[%emt 0:00:02]
} Kg6 {[%emt 0:00:01]} 49. Kf3 {[%emt 0:00:04]} Bd4 {[%emt 0:00:05]} 50. Rxf7 {
[%emt 0:00:02]} Na4 {[%emt 0:00:08]} 51. Rd7 {[%emt 0:00:06] .} Bc5 {[%emt 0:
00:02]} 52. Rd8 {[%emt 0:00:05]} Nc3 {[%emt 0:00:01]} 53. Be6 {[%emt 0:00:01]}
Kf6 {[%emt 0:00:01]} 54. f5 {[%emt 0:00:01]} Nd1 {[%emt 0:00:04]} 55. Ra8 {
[%emt 0:00:01]} b4 {[%emt 0:00:01]} 56. Rxa6 {[%emt 0:00:01]} Nc3 {[%emt 0:00:
00]} 57. Ra8 {[%emt 0:00:03]} Nb5 {[%emt 0:00:01]} 58. Rf8+ {[%emt 0:00:02]}
Ke7 {[%emt 0:00:01]} 59. Rf7+ {[%emt 0:00:01]} Ke8 {[%emt 0:00:00]} 60. Rb7 {
[%emt 0:00:01]} Nd4+ {[%emt 0:00:01]} 61. Ke4 {[%emt 0:00:00]} Nxe6 {[%emt 0:
00:01]} 62. fxe6 {[%emt 0:00:01]} Kf8 {[%emt 0:00:00]} 63. Kd5 {[%emt 0:00:01]}
Ke8 {[%emt 0:00:01]} 64. e7 {[%emt 0:00:01]} Kf7 {[%emt 0:00:02]} 65. Rd7 {
[%emt 0:00:04]} Ke8 {[%emt 0:00:02]} 66. Ke6 {[%emt 0:00:01]} Bb6 {[%emt 0:00:
02]} 67. Rxd6 {[%emt 0:00:02]} Ba5 {[%emt 0:00:02]} 68. Ra6 {[%emt 0:00:01]
TheMaster15 gibt auf} 1-0

[Event "Villarobledo Online Qualifyer"]
[Site "playchess.com #155672"]
[Date "2009.05.23"]
[Round "3"]
[White "Mtudorache"]
[Black "Timeh123"]
[Result "1/2-1/2"]
[WhiteElo "1742"]
[BlackElo "1524"]
[PlyCount "135"]
[EventDate "2009.05.23"]
[EventType "swiss (blitz)"]

1. e4 {[%emt 0:00:01]} d5 {[%emt 0:00:01]} 2. exd5 {[%emt 0:00:02]} Nf6 {[%emt
0:00:01]} 3. Nc3 {[%emt 0:00:06]} Nxd5 {[%emt 0:00:01]} 4. Bc4 {[%emt 0:00:02]}
Nxc3 {[%emt 0:00:10]} 5. bxc3 {[%emt 0:00:05]} Nc6 {[%emt 0:00:01]} 6. d4 {
[%emt 0:00:02]} Bf5 {[%emt 0:00:06]} 7. Nf3 {[%emt 0:00:03]} e6 {[%emt 0:00:01]
} 8. Qe2 {[%emt 0:00:05]} Bd6 {[%emt 0:00:04]} 9. h3 {[%emt 0:00:02]} O-O {
[%emt 0:00:02]} 10. O-O {[%emt 0:00:04]} Re8 {[%emt 0:00:04]} 11. Bg5 {[%emt 0:
00:03]} f6 {[%emt 0:00:04]} 12. Bd2 {[%emt 0:00:02]} Kh8 {[%emt 0:00:02]} 13.
Rfe1 {[%emt 0:00:15]} e5 {[%emt 0:00:12]} 14. d5 {[%emt 0:00:09]} Na5 {[%emt 0:
00:18]} 15. Bd3 {[%emt 0:00:02]} Bxd3 {[%emt 0:00:05]} 16. cxd3 {[%emt 0:00:02]
} c6 {[%emt 0:00:02]} 17. dxc6 {[%emt 0:00:01]} Nxc6 {[%emt 0:00:02]} 18. Rab1
{[%emt 0:00:11]} Rb8 {[%emt 0:00:05]} 19. Qe4 {[%emt 0:00:10]} g6 {[%emt 0:00:
16]} 20. Qa4 {[%emt 0:00:45]} Bc5 {[%emt 0:00:08]} 21. Bh6 {[%emt 0:00:13]}
Qxd3 {[%emt 0:00:22]} 22. Red1 {[%emt 0:00:20]} Qf5 {[%emt 0:00:20]} 23. Qc4 {
[%emt 0:00:15]} Bf8 {[%emt 0:00:14]} 24. Bxf8 {[%emt 0:00:03]} Rxf8 {[%emt 0:
00:02]} 25. Rb5 {[%emt 0:00:07]} Kg7 {[%emt 0:00:40]} 26. Rdb1 {[%emt 0:00:10]}
Rf7 {[%emt 0:00:16]} 27. a4 {[%emt 0:00:11]} Qc2 {[%emt 0:00:10]} 28. Ne1 {
[%emt 0:00:09]} Qf5 {[%emt 0:00:01]} 29. g4 {[%emt 0:00:09]} Qd7 {[%emt 0:00:
01]} 30. Qe2 {[%emt 0:00:03]} Nd4 {[%emt 0:00:02]} 31. Qc4 {[%emt 0:00:06]} Nc6
{[%emt 0:00:01]} 32. Qb3 {[%emt 0:00:02]} a6 {[%emt 0:00:00]} 33. Rb6 {[%emt 0:
00:01]} Qc7 {[%emt 0:00:03]} 34. a5 {[%emt 0:00:02]} Nxa5 {[%emt 0:00:01]} 35.
Qb4 {[%emt 0:00:01]} Nc6 {[%emt 0:00:01]} 36. Qc5 {[%emt 0:00:00]} Rd7 {[%emt
0:00:02]} 37. Nf3 {[%emt 0:00:02]} Na7 {[%emt 0:00:01]} 38. Qxc7 {[%emt 0:00:
01]} Rxc7 {[%emt 0:00:00]} 39. Rxa6 {[%emt 0:00:01]} bxa6 {[%emt 0:00:03]} 40.
Rxb8 {[%emt 0:00:01]} Nb5 {[%emt 0:00:02]} 41. c4 {[%emt 0:00:03]} Nd6 {[%emt
0:00:01]} 42. Rb6 {[%emt 0:00:01]} Nxc4 {[%emt 0:00:02]} 43. Rxa6 {[%emt 0:00:
00]} Rf7 {[%emt 0:00:04]} 44. Kg2 {[%emt 0:00:01]} e4 {[%emt 0:00:03]} 45. Ne1
{[%emt 0:00:09] .} f5 {[%emt 0:00:01]} 46. Ra4 {[%emt 0:00:01]} Nd2 {[%emt 0:
00:04]} 47. Rd4 {[%emt 0:00:04]} Nb3 {[%emt 0:00:01]} 48. Rb4 {[%emt 0:00:02]}
Nc5 {[%emt 0:00:01]} 49. Nc2 {[%emt 0:00:02]} Ne6 {[%emt 0:00:01]} 50. Ne3 {
[%emt 0:00:01]} Nf4+ {[%emt 0:00:05]} 51. Kg3 {[%emt 0:00:02]} Ne2+ {[%emt 0:
00:01]} 52. Kh2 {[%emt 0:00:01]} Nf4 {[%emt 0:00:03]} 53. f3 {[%emt 0:00:04]}
exf3 {[%emt 0:00:01]} 54. Rxf4 {[%emt 0:00:02]} fxg4 {[%emt 0:00:00]} 55. Rxf7+
{[%emt 0:00:01]} Kxf7 {[%emt 0:00:01]} 56. hxg4 {[%emt 0:00:00]} Kf6 {[%emt 0:
00:02]} 57. Kg3 {[%emt 0:00:01]} Kg5 {[%emt 0:00:00]} 58. Kxf3 {[%emt 0:00:02]}
h5 {[%emt 0:00:01] Timeh123 doet een remise aanbod} 59. Kg3 {[%emt 0:00:08]}
hxg4 {[%emt 0:00:07]} 60. Nxg4 {[%emt 0:00:01]} Kf5 {[%emt 0:00:03]} 61. Nf2 {
[%emt 0:00:01]} Kg5 {[%emt 0:00:01]} 62. Nh1 {[%emt 0:00:00]} Kf5 {[%emt 0:00:
00]} 63. Kg2 {[%emt 0:00:02]} Kg5 {[%emt 0:00:00]} 64. Ng3 {[%emt 0:00:00]} Kg4
{[%emt 0:00:01]} 65. Ne2 {[%emt 0:00:00]} g5 {[%emt 0:00:00]} 66. Nd4 {[%emt 0:
00:00]} Kf4 {[%emt 0:00:00]} 67. Ne6+ {[%emt 0:00:00]} Kf5 {[%emt 0:00:01]} 68.
Nxg5 {[%emt 0:00:02]} 1/2-1/2

[Event "Villarobledo Online Qualifyer"]
[Site "playchess.com #155672"]
[Date "2009.05.23"]
[Round "3"]
[White "Shatterhand"]
[Black "Slavmonster"]
[Result "1-0"]
[WhiteElo "2417"]
[BlackElo "2102"]
[PlyCount "195"]
[EventDate "2009.05.23"]
[EventType "swiss (blitz)"]

1. c4 {[%emt 0:00:06]} e5 {[%emt 0:00:01]} 2. Nc3 {[%emt 0:00:01]} Nf6 {[%emt
0:00:01]} 3. Nf3 {[%emt 0:00:02]} Nc6 {[%emt 0:00:01]} 4. a3 {[%emt 0:00:02]}
d5 {[%emt 0:00:09]} 5. cxd5 {[%emt 0:00:06]} Nxd5 {[%emt 0:00:01]} 6. d3 {
[%emt 0:00:03]} Be7 {[%emt 0:00:03]} 7. e3 {[%emt 0:00:04]} O-O {[%emt 0:00:11]
} 8. Qc2 {[%emt 0:00:01]} Nb6 {[%emt 0:00:07]} 9. b4 {[%emt 0:00:04]} Bf6 {
[%emt 0:00:06]} 10. Bb2 {[%emt 0:00:02]} Bf5 {[%emt 0:00:19]} 11. Be2 {[%emt 0:
00:07]} Re8 {[%emt 0:00:06]} 12. O-O {[%emt 0:00:02]} Qd7 {[%emt 0:00:08]} 13.
Rfd1 {[%emt 0:00:03]} Rad8 {[%emt 0:00:02]} 14. Rac1 {[%emt 0:00:02]} h6 {
[%emt 0:00:08]} 15. Ne4 {[%emt 0:00:15]} Bxe4 {[%emt 0:00:08]} 16. dxe4 {[%emt
0:00:00]} Qe6 {[%emt 0:00:06]} 17. Rxd8 {[%emt 0:00:06]} Rxd8 {[%emt 0:00:01]}
18. b5 {[%emt 0:00:01]} Na5 {[%emt 0:00:05]} 19. Rd1 {[%emt 0:00:20]} Rxd1+ {
[%emt 0:00:07]} 20. Qxd1 {[%emt 0:00:00]} Nac4 {[%emt 0:00:06]} 21. Bc1 {[%emt
0:00:10]} Qd6 {[%emt 0:00:07]} 22. Qc2 {[%emt 0:00:05]} Nxa3 {[%emt 0:00:08]}
23. Qb3 {[%emt 0:00:30]} Be7 {[%emt 0:00:06]} 24. Bb2 {[%emt 0:00:06]} Qc5 {
[%emt 0:00:08]} 25. Nxe5 {[%emt 0:00:13]} Bf6 {[%emt 0:00:54]} 26. Nd3 {[%emt
0:00:47] .} Qxb5 {[%emt 0:00:26]} 27. Qxa3 {[%emt 0:00:02]} Bxb2 {[%emt 0:00:
02]} 28. Qxb2 {[%emt 0:00:01]} Qxb2 {[%emt 0:00:01]} 29. Nxb2 {[%emt 0:00:00]}
a6 {[%emt 0:00:02]} 30. Kf1 {[%emt 0:00:00]} c5 {[%emt 0:00:01]} 31. Ke1 {
[%emt 0:00:01]} Kf8 {[%emt 0:00:00]} 32. Kd2 {[%emt 0:00:01]} Ke7 {[%emt 0:00:
00]} 33. Nc4 {[%emt 0:00:01]} Nd7 {[%emt 0:00:02]} 34. Na5 {[%emt 0:00:10]} b5
{[%emt 0:00:02]} 35. f4 {[%emt 0:00:05]} Kd6 {[%emt 0:00:01]} 36. e5+ {[%emt 0:
00:01]} Kc7 {[%emt 0:00:00]} 37. Bf3 {[%emt 0:00:04]} Nb6 {[%emt 0:00:03]} 38.
f5 {[%emt 0:00:02]} b4 {[%emt 0:00:04]} 39. g4 {[%emt 0:00:05]} c4 {[%emt 0:00:
02]} 40. e4 {[%emt 0:00:07]} c3+ {[%emt 0:00:01]} 41. Kd3 {[%emt 0:00:02]} Na4
{[%emt 0:00:03]} 42. Kc2 {[%emt 0:00:08]} Nc5 {[%emt 0:00:02]} 43. Nb3 {[%emt
0:00:02]} Nd7 {[%emt 0:00:02]} 44. e6 {[%emt 0:00:03]} fxe6 {[%emt 0:00:01]}
45. fxe6 {[%emt 0:00:02]} Nb6 {[%emt 0:00:07]} 46. Be2 {[%emt 0:00:02]} Kd6 {
[%emt 0:00:04]} 47. Nd4 {[%emt 0:00:01]} Na4 {[%emt 0:00:03]} 48. Bxa6 {[%emt
0:00:01]} Nc5 {[%emt 0:00:01]} 49. Bc4 {[%emt 0:00:02]} Nxe4 {[%emt 0:00:01]}
50. Nf5+ {[%emt 0:00:01]} Kc7 {[%emt 0:00:02]} 51. e7 {[%emt 0:00:01]} Nf6 {
[%emt 0:00:01]} 52. Bb5 {[%emt 0:00:01]} g5 {[%emt 0:00:03]} 53. e8=Q {[%emt 0:
00:01]} Nxe8 {[%emt 0:00:01]} 54. Bxe8 {[%emt 0:00:01]} Kb6 {[%emt 0:00:01]}
55. Ba4 {[%emt 0:00:01]} Kc5 {[%emt 0:00:00]} 56. Bb3 {[%emt 0:00:00]} Kc6 {
[%emt 0:00:03]} 57. Nxh6 {[%emt 0:00:01]} Kd6 {[%emt 0:00:00]} 58. Nf7+ {[%emt
0:00:01]} Ke7 {[%emt 0:00:01]} 59. Nxg5 {[%emt 0:00:00]} Kf6 {[%emt 0:00:00]}
60. Nf3 {[%emt 0:00:01]} Kg6 {[%emt 0:00:01]} 61. h4 {[%emt 0:00:01]} Kf6 {
[%emt 0:00:00]} 62. Kd3 {[%emt 0:00:01]} Kg6 {[%emt 0:00:00]} 63. Kc4 {[%emt 0:
00:01]} Kf6 {[%emt 0:00:00]} 64. Kxb4 {[%emt 0:00:01]} c2 {[%emt 0:00:00]} 65.
Bxc2 {[%emt 0:00:01]} Ke7 {[%emt 0:00:01]} 66. Kc5 {[%emt 0:00:01]} Kf6 {[%emt
0:00:00]} 67. Kd4 {[%emt 0:00:00]} Kg7 {[%emt 0:00:00]} 68. Ke4 {[%emt 0:00:00]
} Kh6 {[%emt 0:00:00]} 69. Kf4 {[%emt 0:00:00]} Kg7 {[%emt 0:00:00]} 70. Kg5 {
[%emt 0:00:01]} Kh8 {[%emt 0:00:01]} 71. Kh6 {[%emt 0:00:00]} Kg8 {[%emt 0:00:
01]} 72. Ng5 {[%emt 0:00:03]} Kh8 {[%emt 0:00:01]} 73. Bd1 {[%emt 0:00:08]} Kg8
{[%emt 0:00:01]} 74. Kg6 {[%emt 0:00:03]} Kh8 {[%emt 0:00:02]} 75. Ne4 {[%emt
0:00:01]} Kg8 {[%emt 0:00:00]} 76. Nd6 {[%emt 0:00:04]} Kh8 {[%emt 0:00:01]}
77. Nf7+ {[%emt 0:00:01]} Kg8 {[%emt 0:00:01]} 78. Bb3 {[%emt 0:00:01]} Kf8 {
[%emt 0:00:01]} 79. Ng5 {[%emt 0:00:02]} Ke7 {[%emt 0:00:02]} 80. h5 {[%emt 0:
00:00]} Kf8 {[%emt 0:00:01]} 81. h6 {[%emt 0:00:00]} Ke7 {[%emt 0:00:01]} 82.
h7 {[%emt 0:00:00]} Kd7 {[%emt 0:00:03]} 83. h8=Q {[%emt 0:00:01]} Ke7 {[%emt
0:00:00]} 84. Qf6+ {[%emt 0:00:01]} Kd7 {[%emt 0:00:01]} 85. Be6+ {[%emt 0:00:
01]} Kd6 {[%emt 0:00:03]} 86. Bf5+ {[%emt 0:00:02]} Kc5 {[%emt 0:00:00]} 87.
Nh3 {[%emt 0:00:03]} Kd5 {[%emt 0:00:00]} 88. Kf7 {[%emt 0:00:01]} Kc5 {[%emt
0:00:02]} 89. g5 {[%emt 0:00:00]} Kd5 {[%emt 0:00:01]} 90. g6 {[%emt 0:00:00]}
Kc5 {[%emt 0:00:00]} 91. g7 {[%emt 0:00:00]} Kd5 {[%emt 0:00:00]} 92. g8=Q {
[%emt 0:00:00]} Kc5 {[%emt 0:00:00]} 93. Qe8 {[%emt 0:00:01]} Kd5 {[%emt 0:00:
01]} 94. Qfd8+ {[%emt 0:00:01]} Kc5 {[%emt 0:00:01]} 95. Qee7+ {[%emt 0:00:01]}
Kc6 {[%emt 0:00:01]} 96. Qec7+ {[%emt 0:00:01]} Kb5 {[%emt 0:00:01]} 97. Qdb8+
{[%emt 0:00:01]} Ka6 {[%emt 0:00:00]} 98. Qca7# {[%emt 0:00:01]} 1-0

[Event "Villarobledo Online Qualifyer"]
[Site "playchess.com #155672"]
[Date "2009.05.23"]
[Round "3"]
[White "Direchess"]
[Black "Antlew3"]
[Result "1-0"]
[WhiteElo "2052"]
[BlackElo "1698"]
[PlyCount "153"]
[EventDate "2009.05.23"]
[EventType "swiss (blitz)"]

1. e4 {[%emt 0:00:01]} b6 {[%emt 0:00:01]} 2. d4 {[%emt 0:00:04]} Bb7 {[%emt 0:
00:01]} 3. Bd3 {[%emt 0:00:03]} e6 {[%emt 0:00:02]} 4. c3 {[%emt 0:00:03]} g6 {
[%emt 0:00:03]} 5. Nd2 {[%emt 0:00:04]} Bg7 {[%emt 0:00:01]} 6. Ngf3 {[%emt 0:
00:02]} Ne7 {[%emt 0:00:01]} 7. O-O {[%emt 0:00:01]} O-O {[%emt 0:00:02]} 8. e5
{[%emt 0:00:05]} d6 {[%emt 0:00:12]} 9. Re1 {[%emt 0:00:07]} dxe5 {[%emt 0:00:
03]} 10. Nxe5 {[%emt 0:00:00]} Nd7 {[%emt 0:00:09]} 11. Ndf3 {[%emt 0:00:12]}
c5 {[%emt 0:00:10]} 12. Nxd7 {[%emt 0:00:14]} Qxd7 {[%emt 0:00:01]} 13. dxc5 {
[%emt 0:00:13]} bxc5 {[%emt 0:00:01]} 14. Qe2 {[%emt 0:00:06]} Nd5 {[%emt 0:00:
11]} 15. Be4 {[%emt 0:00:08]} Rad8 {[%emt 0:00:13]} 16. Bg5 {[%emt 0:00:07]}
Nf6 {[%emt 0:00:03]} 17. Rad1 {[%emt 0:00:03]} Qc7 {[%emt 0:00:09]} 18. Bxb7 {
[%emt 0:00:05]} Qxb7 {[%emt 0:00:05]} 19. Ne5 {[%emt 0:00:03]} Rxd1 {[%emt 0:
00:06]} 20. Rxd1 {[%emt 0:00:03]} Ne4 {[%emt 0:00:05]} 21. Bf4 {[%emt 0:00:10]}
Nf6 {[%emt 0:00:28]} 22. h3 {[%emt 0:00:03]} Nd5 {[%emt 0:00:01]} 23. Bc1 {
[%emt 0:00:18]} Qc7 {[%emt 0:00:12]} 24. Ng4 {[%emt 0:00:05]} h5 {[%emt 0:00:
07]} 25. Ne3 {[%emt 0:00:10]} Rd8 {[%emt 0:00:17]} 26. Qf3 {[%emt 0:00:14]} Bh6
{[%emt 0:00:12]} 27. Nxd5 {[%emt 0:00:05]} Rxd5 {[%emt 0:00:12]} 28. Bxh6 {
[%emt 0:00:02]} Rf5 {[%emt 0:00:20]} 29. Qa8+ {[%emt 0:00:16]} Kh7 {[%emt 0:00:
03]} 30. Qf8 {[%emt 0:00:02]} Qe5 {[%emt 0:00:07]} 31. Be3 {[%emt 0:00:06]} g5
{[%emt 0:00:09]} 32. Rd7 {[%emt 0:00:07]} Kg6 {[%emt 0:00:03]} 33. Qg8+ {[%emt
0:00:06]} Qg7 {[%emt 0:00:06]} 34. Qxg7+ {[%emt 0:00:04]} Kxg7 {[%emt 0:00:01]}
35. Bxc5 {[%emt 0:00:02]} Rxc5 {[%emt 0:00:02]} 36. Rxa7 {[%emt 0:00:02]} Kg6 {
[%emt 0:00:03]} 37. Rb7 {[%emt 0:00:04]} f5 {[%emt 0:00:03]} 38. Rb4 {[%emt 0:
00:01]} Kf6 {[%emt 0:00:02]} 39. a4 {[%emt 0:00:01]} g4 {[%emt 0:00:03]} 40.
Rb5 {[%emt 0:00:01]} Rc4 {[%emt 0:00:02]} 41. a5 {[%emt 0:00:01]} Ra4 {[%emt 0:
00:01]} 42. hxg4 {[%emt 0:00:04]} hxg4 {[%emt 0:00:02]} 43. Kh2 {[%emt 0:00:01]
} Ra2 {[%emt 0:00:01]} 44. Kg3 {[%emt 0:00:02]} Kg5 {[%emt 0:00:01]} 45. f4+ {
[%emt 0:00:02]} gxf3 {[%emt 0:00:02]} 46. Kxf3 {[%emt 0:00:01]} Kf6 {[%emt 0:
00:03]} 47. g4 {[%emt 0:00:03]} fxg4+ {[%emt 0:00:01]} 48. Kxg4 {[%emt 0:00:01]
} e5 {[%emt 0:00:01]} 49. Kf3 {[%emt 0:00:03]} Kf5 {[%emt 0:00:01]} 50. b4 {
[%emt 0:00:05]} Ra3 {[%emt 0:00:01]} 51. Rc5 {[%emt 0:00:02]} Ra4 {[%emt 0:00:
01]} 52. Rc6 {[%emt 0:00:08]} e4+ {[%emt 0:00:01]} 53. Ke3 {[%emt 0:00:02]} Ke5
{[%emt 0:00:01]} 54. Rc4 {[%emt 0:00:02]} Ra3 {[%emt 0:00:01]} 55. Rxe4+ {
[%emt 0:00:02]} Kd5 {[%emt 0:00:01]} 56. Kd3 {[%emt 0:00:02]} Ra1 {[%emt 0:00:
02]} 57. Rd4+ {[%emt 0:00:02]} Kc6 {[%emt 0:00:02]} 58. Kc4 {[%emt 0:00:01]}
Rc1 {[%emt 0:00:02]} 59. b5+ {[%emt 0:00:04]} Kb7 {[%emt 0:00:01]} 60. Rd6 {
[%emt 0:00:02]} Rh1 {[%emt 0:00:02]} 61. Rd7+ {[%emt 0:00:02]} Kc8 {[%emt 0:00:
03]} 62. Rg7 {[%emt 0:00:02]} Rh4+ {[%emt 0:00:02]} 63. Kb3 {[%emt 0:00:02]}
Rh5 {[%emt 0:00:03]} 64. c4 {[%emt 0:00:03]} Rh3+ {[%emt 0:00:02]} 65. Kb4 {
[%emt 0:00:01]} Rh1 {[%emt 0:00:01]} 66. a6 {[%emt 0:00:01]} Rb1+ {[%emt 0:00:
01]} 67. Kc5 {[%emt 0:00:01]} Ra1 {[%emt 0:00:01]} 68. Kc6 {[%emt 0:00:03]} Kd8
{[%emt 0:00:01]} 69. c5 {[%emt 0:00:02]} Ke8 {[%emt 0:00:01]} 70. Kb7 {[%emt 0:
00:04]} Kf8 {[%emt 0:00:01]} 71. Rd7 {[%emt 0:00:02]} Ke8 {[%emt 0:00:01]} 72.
c6 {[%emt 0:00:02]} Rb1 {[%emt 0:00:02]} 73. b6 {[%emt 0:00:01]} Ra1 {[%emt 0:
00:07]} 74. a7 {[%emt 0:00:02]} Ra5 {[%emt 0:00:03]} 75. a8=Q+ {[%emt 0:00:01]}
Rxa8 {[%emt 0:00:01]} 76. Kxa8 {[%emt 0:00:00]} Kf8 {[%emt 0:00:01]} 77. b7 {
[%emt 0:00:01] Antlew3 resigns} 1-0

[Event "Villarobledo Online Qualifyer"]
[Site "playchess.com #155672"]
[Date "2009.05.23"]
[Round "3"]
[White "Schnickschnack"]
[Black "Novoselski"]
[Result "1/2-1/2"]
[WhiteElo "2105"]
[BlackElo "2564"]
[PlyCount "158"]
[EventDate "2009.05.23"]
[EventType "swiss (blitz)"]

1. c4 {[%emt 0:00:03]} e6 {[%emt 0:00:01]} 2. Nc3 {[%emt 0:00:01]} f5 {[%emt 0:
00:01]} 3. d4 {[%emt 0:00:01]} Nf6 {[%emt 0:00:01]} 4. g3 {[%emt 0:00:02]} Bb4
{[%emt 0:00:01]} 5. Bg2 {[%emt 0:00:02]} O-O {[%emt 0:00:01]} 6. Nf3 {[%emt 0:
00:01]} d6 {[%emt 0:00:01]} 7. Qc2 {[%emt 0:00:01]} Ne4 {[%emt 0:00:05]} 8. Bd2
{[%emt 0:00:02]} Nxd2 {[%emt 0:00:04]} 9. Nxd2 {[%emt 0:00:01]} Nc6 {[%emt 0:
00:02]} 10. Nf3 {[%emt 0:00:07]} e5 {[%emt 0:00:04]} 11. dxe5 {[%emt 0:00:09]}
dxe5 {[%emt 0:00:01]} 12. Rd1 {[%emt 0:00:02]} Qe7 {[%emt 0:00:04]} 13. O-O {
[%emt 0:00:06]} Bxc3 {[%emt 0:00:17]} 14. Qxc3 {[%emt 0:00:03]} a5 {[%emt 0:00:
05]} 15. Rd2 {[%emt 0:00:14]} f4 {[%emt 0:00:07]} 16. a3 {[%emt 0:01:02]} Bg4 {
[%emt 0:00:08]} 17. c5 {[%emt 0:00:05]} Kh8 {[%emt 0:00:11]} 18. b4 {[%emt 0:
00:03]} axb4 {[%emt 0:00:03]} 19. axb4 {[%emt 0:00:01]} e4 {[%emt 0:00:07]} 20.
Nd4 {[%emt 0:00:11]} Nxd4 {[%emt 0:00:07]} 21. Qxd4 {[%emt 0:00:14]} Rad8 {
[%emt 0:00:23]} 22. Qc3 {[%emt 0:00:14]} Rxd2 {[%emt 0:00:03]} 23. Qxd2 {[%emt
0:00:01]} f3 {[%emt 0:00:08]} 24. exf3 {[%emt 0:00:05]} exf3 {[%emt 0:00:03]}
25. Re1 {[%emt 0:00:05]} Qf6 {[%emt 0:00:03]} 26. Bf1 {[%emt 0:00:03]} h5 {
[%emt 0:00:07]} 27. h3 {[%emt 0:00:12]} Be6 {[%emt 0:00:14]} 28. Re4 {[%emt 0:
00:07]} Qg6 {[%emt 0:00:30]} 29. Rf4 {[%emt 0:00:26]} Rxf4 {[%emt 0:00:23]} 30.
Qxf4 {[%emt 0:00:00]} Qf7 {[%emt 0:00:15]} 31. Qe4 {[%emt 0:00:09]} Bd5 {[%emt
0:00:03]} 32. Qe5 {[%emt 0:00:04]} Kh7 {[%emt 0:00:05]} 33. Bd3+ {[%emt 0:00:
01]} Kg8 {[%emt 0:00:01]} 34. b5 {[%emt 0:00:02]} Qe6 {[%emt 0:00:06]} 35.
Qxe6+ {[%emt 0:00:04]} Bxe6 {[%emt 0:00:00]} 36. Be4 {[%emt 0:00:01]} Bxh3 {
[%emt 0:00:01]} 37. Bxf3 {[%emt 0:00:00]} b6 {[%emt 0:00:00]} 38. cxb6 {[%emt
0:00:01]} cxb6 {[%emt 0:00:00]} 39. Be2 {[%emt 0:00:01]} g6 {[%emt 0:00:01]}
40. Bc4+ {[%emt 0:00:01]} Kf8 {[%emt 0:00:01]} 41. f4 {[%emt 0:00:00]} Bf5 {
[%emt 0:00:01]} 42. Kf2 {[%emt 0:00:01]} Ke7 {[%emt 0:00:00]} 43. Ke3 {[%emt 0:
00:01]} Kd6 {[%emt 0:00:00]} 44. Kd4 {[%emt 0:00:00]} Be6 {[%emt 0:00:01]} 45.
Bd3 {[%emt 0:00:01]} Bf7 {[%emt 0:00:01]} 46. Bc2 {[%emt 0:00:02]} Ke6 {[%emt
0:00:02]} 47. Bd3 {[%emt 0:00:01]} Kf6 {[%emt 0:00:01]} 48. Be4 {[%emt 0:00:02]
} Be6 {[%emt 0:00:01]} 49. Bc6 {[%emt 0:00:01]} Bc8 {[%emt 0:00:05]} 50. Be4 {
[%emt 0:00:01]} g5 {[%emt 0:00:01]} 51. fxg5+ {[%emt 0:00:03]} Kxg5 {[%emt 0:
00:00]} 52. Bf3 {[%emt 0:00:01]} Bg4 {[%emt 0:00:02]} 53. Bg2 {[%emt 0:00:02]}
Be2 {[%emt 0:00:01]} 54. Bc6 {[%emt 0:00:04]} Kg4 {[%emt 0:00:01]} 55. Ke3 {
[%emt 0:00:02]} Bc4 {[%emt 0:00:03]} 56. Kf2 {[%emt 0:00:01]} Kf5 {[%emt 0:00:
04]} 57. Be8 {[%emt 0:00:01]} Kg5 {[%emt 0:00:04]} 58. Ke3 {[%emt 0:00:01]} Kg4
{[%emt 0:00:02]} 59. Kf2 {[%emt 0:00:01]} Be6 {[%emt 0:00:03]} 60. Bc6 {[%emt
0:00:03]} Bc4 {[%emt 0:00:02]} 61. Bf3+ {[%emt 0:00:02]} Kg5 {[%emt 0:00:01]}
62. Bc6 {[%emt 0:00:01]} Kf5 {[%emt 0:00:01]} 63. Ke3 {[%emt 0:00:01]} Bf7 {
[%emt 0:00:03]} 64. Bd7+ {[%emt 0:00:01]} Ke5 {[%emt 0:00:01]} 65. Bc6 {[%emt
0:00:02]} Be6 {[%emt 0:00:02]} 66. Bf3 {[%emt 0:00:03]} Bf7 {[%emt 0:00:01]}
67. Bc6 {[%emt 0:00:02]} Bg6 {[%emt 0:00:04]} 68. Bd7 {[%emt 0:00:04]
Schnickschnack bietet Remis} Kd6 {[%emt 0:00:01]} 69. Bc6 {[%emt 0:00:03]} Kc5
{[%emt 0:00:00]} 70. Kf4 {[%emt 0:00:02]} Bd3 {[%emt 0:00:01]} 71. Kg5 {[%emt
0:00:02]} Bxb5 {[%emt 0:00:00]} 72. Bxb5 {[%emt 0:00:17]} Kxb5 {[%emt 0:00:00]}
73. Kxh5 {[%emt 0:00:00]} Kc5 {[%emt 0:00:00]} 74. g4 {[%emt 0:00:00]} b5 {
[%emt 0:00:00]} 75. g5 {[%emt 0:00:01]} b4 {[%emt 0:00:00]} 76. g6 {[%emt 0:00:
00]} b3 {[%emt 0:00:00]} 77. g7 {[%emt 0:00:00]} b2 {[%emt 0:00:00]} 78. g8=Q {
[%emt 0:00:03]} b1=Q {[%emt 0:00:01]} 79. Qg5+ {[%emt 0:00:03]} Kd6 {[%emt 0:
00:02] Novoselski offers a draw Arbiter Decision (Draw by material)} 1/2-1/2